[Event "Sharjah Cup (Women) 7th"]
[Site "Sharjah"]
[Date "2016.12.25"]
[Round "8"]
[White "Al Ali, Aisha Saif"]
[Black "Saleh, Nora Mohd"]
[Result "0-1"]
[WhiteElo "1286"]
[BlackElo "1938"]
[PlyCount "38"]
[EventDate "2016.12.18"]
[EventType "swiss"]
[EventRounds "9"]
[EventCountry "UAE"]
[SourceTitle "CBM 176 Extra"]
[Source "ChessBase"]
[SourceDate "2017.03.02"]
[SourceVersion "1"]
[SourceVersionDate "2017.03.02"]
[SourceQuality "1"]

1. e4 Nf6 2. Nc3 d5 3. exd5 Nxd5 4. Qf3 c6 5. Bc4 e6 6. Nge2 Nd7 7. 0-0 Ne5 8. Qe4 Nxc4 9. Qxc4 Bd6 10. d3 0-0 11. Ne4 Be7 12. Qb3 e5 13. c4 Nb4 14. a3 Qxd3 15. Qxd3 Nxd3 16. Rd1 Nxc1 17. Raxc1 Be6 18. c5 Rfd8 19. b4 Bb3 0-1

[Event "Sharjah Cup (Women) 7th"]
[Site "Sharjah"]
[Date "2016.12.24"]
[Round "7"]
[White "Al Hammadi, Maryam Hussein"]
[Black "Saleh, Nora Mohd"]
[Result "0-1"]
[WhiteElo "1311"]
[BlackElo "1938"]
[PlyCount "72"]
[EventDate "2016.12.18"]
[EventType "swiss"]
[EventRounds "9"]
[EventCountry "UAE"]
[SourceTitle "CBM 176 Extra"]
[Source "ChessBase"]
[SourceDate "2017.03.02"]
[SourceVersion "1"]
[SourceVersionDate "2017.03.02"]
[SourceQuality "1"]

1. e4 c5 2. Nf3 Nf6 3. d3 Nc6 4. g3 e6 5. Bg2 Be7 6. 0-0 0-0 7. Nbd2 Qc7 8. Re1 d6 9. Nf1 Rb8 10. h4 b5 11. N1h2 Bb7 12. Bf4 Rbc8 13. Nd2 Rfd8 14. Ng4 Nd4 15. Ne3 Ba8 16. Nf3 Nxf3+ 17. Bxf3 Qb6 18. Qe2 d5 19. exd5 Nxd5 20. Nxd5 Bxd5 21. Bxd5 Rxd5 22. Qf3 Bf6 23. Rab1 Qa5 24. b3 Qxa2 25. Qe2 Qa5 26. Bc1 Bd4 27. Bb2 Re5 28. Qd1 Rxe1+ 29. Qxe1 Qxe1+ 30. Rxe1 Bxb2 31. Kg2 Kf8 32. Re2 Bc3 33. Kf3 Ke7 34. Kf4 Rd8 35. Re4 Rd5 36. Kg4 f5+ 0-1

[Event "Prague Summer op-B 2nd"]
[Site "Prague"]
[Date "2015.08.10"]
[Round "5"]
[White "Stefanisin, Jan"]
[Black "Saleh, Nora Mohd"]
[Result "0-1"]
[WhiteElo "1792"]
[BlackElo "1907"]
[PlyCount "38"]
[EventDate "2015.08.07"]
[EventType "swiss"]
[EventRounds "9"]
[EventCountry "CZE"]
[SourceTitle "EXT 2017"]
[Source "ChessBase"]
[SourceDate "2016.10.25"]
[SourceVersion "1"]
[SourceVersionDate "2016.10.25"]
[SourceQuality "1"]

1. e4 c5 2. Nf3 a6 3. d4 cxd4 4. Nxd4 Nf6 5. f3 e5 6. Nf5 d5 7. Ng3 Bc5 8. exd5 Nxd5 9. Ne4 Bd4 10. c3 Bb6 11. c4 Ba5+ 12. Nbc3 Nxc3 13. Qxd8+ Kxd8 14. bxc3 f5 15. Ng5 Bxc3+ 16. Kf2 Bxa1 17. Nf7+ Ke8 18. Nxh8 Kf8 19. c5 Be6 0-1

[Event "Sharjah op (Women)"]
[Site "Sharjah"]
[Date "2014.11.18"]
[Round "4"]
[White "Gjergji, Rozana"]
[Black "Saleh, Nora Mohd"]
[Result "1-0"]
[WhiteElo "1946"]
[BlackElo "1920"]
[PlyCount "56"]
[EventDate "2014.11.15"]
[EventType "swiss"]
[EventRounds "9"]
[EventCountry "UAE"]
[SourceTitle "CBM 163 Extra"]
[Source "ChessBase"]
[SourceDate "2014.12.23"]
[SourceVersion "1"]
[SourceVersionDate "2014.12.23"]
[SourceQuality "1"]

1. e4 c5 2. f4 d5 3. exd5 Nf6 4. c4 e6 5. dxe6 Bxe6 6. d3 Be7 7. Be2 Nc6 8. Nf3 Qc7 9. Nc3 Rd8 10. Bd2 0-0 11. 0-0 Bf5 12. Nb5 Qb8 13. Ne5 Nxe5 14. fxe5 Qxe5 15. Bf4 Qe6 16. Nxa7 Bd6 17. Bxd6 Rxd6 18. Nb5 Rdd8 19. Qd2 Bg6 20. Rad1 Rfe8 21. Rfe1 Qc8 22. Qf4 Re7 23. h3 Qd7 24. Kh2 Nd5 25. cxd5 Qxb5 26. Bf3 Red7 27. b3 Bxd3 28. Qe3 Bg6 1-0

[Event "Sharjah op (Women)"]
[Site "Sharjah"]
[Date "2014.11.15"]
[Round "1"]
[White "Fataliyeva, Ulviyya Hasil Qizi"]
[Black "Saleh, Nora Mohd"]
[Result "1-0"]
[WhiteElo "2252"]
[BlackElo "1920"]
[PlyCount "75"]
[EventDate "2014.11.15"]
[EventType "swiss"]
[EventRounds "9"]
[EventCountry "UAE"]
[SourceTitle "CBM 163 Extra"]
[Source "ChessBase"]
[SourceDate "2014.12.23"]
[SourceVersion "1"]
[SourceVersionDate "2014.12.23"]
[SourceQuality "1"]

1. Nf3 d5 2. g3 Nf6 3. Bg2 c6 4. 0-0 Bf5 5. d3 Nbd7 6. Nbd2 h6 7. Qe1 Bh7 8. e4 dxe4 9. dxe4 e6 10. Qe2 Be7 11. b3 0-0 12. Bb2 Qc7 13. Ne1 Rfd8 14. Nd3 Nf8 15. f4 a5 16. a4 N6d7 17. Kh1 Bf6 18. e5 Be7 19. g4 Nc5 20. Nxc5 Bxc5 21. f5 Bd4 22. Bxd4 Rxd4 23. Nc4 exf5 24. gxf5 Re8 25. Rae1 Qd8 26. Qf2 Rg4 27. Nd6 Re7 28. Qf3 Rh4 29. f6 gxf6 30. Qg3+ Ng6 31. Nf5 Rh5 32. Nxe7+ Qxe7 33. exf6 Qd8 34. Rf3 Rg5 35. Qh3 h5 36. Rf5 Qd2 37. Re8+ Nf8 38. Rxg5+ 1-0

[Event "Sharjah op rapid"]
[Site "Sharjah"]
[Date "2014.07.08"]
[Round "8"]
[White "Saleh, Nora Mohd"]
[Black "Shamieh, Jamal"]
[Result "0-1"]
[WhiteElo "1885"]
[BlackElo "2034"]
[PlyCount "116"]
[EventDate "2014.07.05"]
[EventType "swiss (rapid)"]
[EventRounds "9"]
[EventCountry "UAE"]
[SourceTitle "CBM 161 Extra"]
[Source "ChessBase"]
[SourceDate "2014.08.29"]
[SourceVersion "1"]
[SourceVersionDate "2014.08.29"]
[SourceQuality "1"]

1. d4 Nf6 2. c4 e6 3. Nc3 Bb4 4. Qc2 0-0 5. Nf3 d6 6. Bg5 Nbd7 7. e3 Qe7 8. Bd3 h6 9. Bh4 e5 10. Bh7+ Kh8 11. Bf5 exd4 12. Nxd4 Bxc3+ 13. Qxc3 Ne5 14. Bc2 Ng6 15. Bg3 Ne4 16. Qd3 Nc5 17. Qc3 Qf6 18. 0-0 Ne6 19. Rad1 Nxd4 20. Qxd4 Qxd4 21. Rxd4 Ne7 22. Be4 Nf5 23. Rd2 Nxg3 24. hxg3 Rb8 25. Rc1 Be6 26. a3 Rfd8 27. Rc3 Rd7 28. Kf1 Kg8 29. Ke1 Kf8 30. Rd4 Ke7 31. b4 c5 32. Rd2 cxb4 33. axb4 b6 34. Bd5 Rc8 35. Rd4 Rdc7 36. Ra3 Bxd5 37. cxd5 Ra8 38. Kd2 a5 39. Rg4 g5 40. Rd4 Raa7 41. bxa5 bxa5 42. Rda4 Rc5 43. e4 f5 44. Kd3 Kf6 45. Kd4 fxe4 46. Kxe4 Re7+ 47. Kd4 Re5 48. Rc4 Rexd5+ 49. Kc3 Rxc4+ 50. Kxc4 Rc5+ 51. Kd4 g4 52. Ra2 Rb5 53. Kc4 Rf5 54. Kd4 Ke6 55. Ke4 Re5+ 56. Kd4 Kd7 57. Kd3 Kc6 58. Ra4 h5 0-1

[Event "Sharjah op rapid"]
[Site "Sharjah"]
[Date "2014.07.07"]
[Round "5"]
[White "Al Amoudy, Khalifa"]
[Black "Saleh, Nora Mohd"]
[Result "0-1"]
[WhiteElo "1464"]
[BlackElo "1885"]
[PlyCount "114"]
[EventDate "2014.07.05"]
[EventType "swiss (rapid)"]
[EventRounds "9"]
[EventCountry "UAE"]
[SourceTitle "CBM 161 Extra"]
[Source "ChessBase"]
[SourceDate "2014.08.29"]
[SourceVersion "1"]
[SourceVersionDate "2014.08.29"]
[SourceQuality "1"]

1. d4 d5 2. Nf3 Nf6 3. g3 c6 4. Bg2 Bf5 5. 0-0 e6 6. Nbd2 h6 7. c4 Nbd7 8. cxd5 cxd5 9. Qb3 Qb6 10. Qxb6 Nxb6 11. Ne5 Rc8 12. Ndf3 Nc4 13. b3 Nxe5 14. Nxe5 Rc2 15. e3 Bb4 16. a3 Bc3 17. Rb1 Ra2 18. e4 Nxe4 19. Be3 Nd2 20. Bxd2 Bxd2 21. Rbd1 0-0 22. Nf3 Ba5 23. b4 Bb6 24. Ra1 Rc2 25. Rac1 Rfc8 26. Rxc2 Rxc2 27. Ra1 Rc3 28. h3 Be4 29. Nd2 Bxg2 30. Kxg2 Bxd4 31. Ra2 Kf8 32. f4 Ke7 33. Nf3 Bf6 34. a4 Kd6 35. Nd2 a6 36. b5 a5 37. Nb1 Rc1 38. Nd2 Ra1 39. Rxa1 Bxa1 40. Nb3 Bc3 41. Kf3 b6 42. Ke3 g6 43. g4 f6 44. h4 e5 45. Kd3 Be1 46. fxe5+ fxe5 47. h5 g5 48. Ke2 Bb4 49. Nc1 e4 50. Ke3 Ke5 51. Ne2 Bc5+ 52. Kd2 Bf2 53. Nc1 Kf4 54. Ke2 Bd4 55. Nb3 Bc3 56. Kf2 Kxg4 57. Ke3 Kf5 0-1

[Event "Sharjah op rapid"]
[Site "Sharjah"]
[Date "2014.07.06"]
[Round "4"]
[White "Saleh, Nora Mohd"]
[Black "Fareed, Sultan"]
[Result "0-1"]
[WhiteElo "1885"]
[BlackElo "1506"]
[PlyCount "100"]
[EventDate "2014.07.05"]
[EventType "swiss (rapid)"]
[EventRounds "9"]
[EventCountry "UAE"]
[SourceTitle "CBM 161 Extra"]
[Source "ChessBase"]
[SourceDate "2014.08.29"]
[SourceVersion "1"]
[SourceVersionDate "2014.08.29"]
[SourceQuality "1"]

1. d4 d5 2. Nf3 c6 3. Nbd2 Nf6 4. e3 Bf5 5. c4 e6 6. Qb3 Qc7 7. Ne5 Nbd7 8. Ndf3 Nxe5 9. Nxe5 Bd6 10. f4 Bxe5 11. fxe5 Ne4 12. Bd2 Nxd2 13. Kxd2 Rd8 14. c5 0-0 15. Qc3 Be4 16. Rg1 f5 17. g3 Qf7 18. Be2 g5 19. b4 g4 20. Rgf1 Qh5 21. Rf2 Qg5 22. a4 h5 23. b5 Qe7 24. Qa5 Ra8 25. Rff1 cxb5 26. Qxb5 Qc7 27. Rfc1 h4 28. a5 hxg3 29. hxg3 Rab8 30. Qa4 Qc6 31. Bb5 Qc7 32. Bd7 Kf7 33. Bb5 Rh8 34. Be2 Rh2 35. Rf1 Bf3 36. Rae1 Rg2 37. Rg1 Rf2 38. Kd1 Rh8 39. Bxf3 Rxf3 40. Rh1 Rh3 41. Rxh3 gxh3 42. Rh1 Rxg3 43. Ke2 Kf8 44. Qa3 Qe7 45. Kf2 Qh4 46. c6+ Ke8 47. Ke2 Rg2+ 48. Kd3 Qe4+ 49. Kc3 Qxe3+ 50. Kb4 Qxd4+ 0-1

[Event "Asian Continental op (Women) 13th"]
[Site "Sharjah"]
[Date "2014.04.25"]
[Round "9"]
[White "Saleh, Nora Mohd"]
[Black "Gomes, Mary Ann"]
[Result "0-1"]
[WhiteElo "1901"]
[BlackElo "2386"]
[PlyCount "90"]
[EventDate "2014.04.17"]
[EventType "swiss"]
[EventRounds "9"]
[EventCountry "UAE"]
[SourceTitle "CBM 160 Extra"]
[Source "ChessBase"]
[SourceDate "2014.07.01"]
[SourceVersion "1"]
[SourceVersionDate "2014.07.01"]
[SourceQuality "1"]

1. d4 Nf6 2. Nf3 c5 3. e3 b6 4. Bd3 Bb7 5. Nbd2 d6 6. c3 Nbd7 7. a3 g6 8. 0-0 Bg7 9. b4 0-0 10. Bb2 e5 11. e4 exd4 12. cxd4 d5 13. e5 Ne4 14. Re1 Nxd2 15. Qxd2 c4 16. Bc2 Re8 17. Qf4 Nf8 18. Ng5 Qc7 19. Qg3 Ne6 20. Nxe6 Rxe6 21. h4 f5 22. h5 Rf8 23. Qh3 Rf7 24. Bc1 Bc8 25. Bf4 Qd8 26. hxg6 hxg6 27. Qg3 Bf8 28. Bg5 Be7 29. Bxe7 Qxe7 30. f4 Rg7 31. Kf2 Rc6 32. Rh1 Be6 33. Rh6 Bf7 34. Qh3 Be6 35. Rh1 Kf8 36. Qg3 Bg8 37. Rh8 b5 38. R1h6 a5 39. Qc3 axb4 40. axb4 Ra6 41. Rh1 Qa7 42. R8h3 Ra2 43. Rc1 Qb6 44. Ra1 Rxc2+ 45. Qxc2 Qxd4+ 0-1

[Event "Asia zt 3.1 (Women)"]
[Site "Doha"]
[Date "2013.05.10"]
[Round "7"]
[White "Dahdal, Lougain"]
[Black "Saleh, Nora Mohd"]
[Result "1/2-1/2"]
[WhiteElo "1972"]
[BlackElo "1892"]
[PlyCount "84"]
[EventDate "2013.05.04"]
[EventType "tourn"]
[EventRounds "9"]
[EventCountry "QAT"]
[SourceTitle "CBM 154 Extra"]
[Source "ChessBase"]
[SourceDate "2013.06.25"]
[SourceVersion "2"]
[SourceVersionDate "2013.06.25"]
[SourceQuality "1"]

1. d4 d5 2. c4 e6 3. Nf3 Nf6 4. e3 Be7 5. Nbd2 0-0 6. Bd3 b6 7. e4 dxe4 8. Nxe4 Bb7 9. Qe2 Nbd7 10. 0-0 Nxe4 11. Bxe4 Bxe4 12. Qxe4 c5 13. Rd1 cxd4 14. Nxd4 Nc5 15. Qe2 Qc7 16. Nb5 Qc6 17. Bf4 a6 18. Nd4 Qb7 19. Re1 Bf6 20. Rad1 Rfd8 21. Be5 Bxe5 22. Qxe5 Nd7 23. Qg5 Nf6 24. Re3 h6 25. Qh4 Rac8 26. b3 Rd7 27. Rde1 Rcd8 28. Rg3 Kh8 29. Rd3 Rd6 30. Qf4 Qd7 31. Red1 Qc7 32. h3 Qb7 33. Qg3 Ne4 34. Qe3 Nc5 35. R3d2 Qe4 36. Qc3 Qe5 37. Ne2 Qxc3 38. Rxd6 Qe1+ 39. Rxe1 Rxd6 40. Nc3 Rd2 41. Re2 Rd3 42. Rc2 a5 1/2-1/2

[Event "Olympiad Women-40"]
[Site "Istanbul"]
[Date "2012.09.05"]
[Round "8.1"]
[White "Sultana, Sharmin Shirin"]
[Black "Saleh, Nora Mohd"]
[Result "1-0"]
[WhiteElo "2002"]
[BlackElo "1911"]
[PlyCount "71"]
[EventDate "2012.08.28"]
[EventType "team-swiss"]
[EventRounds "11"]
[EventCountry "TUR"]
[SourceTitle "CBM 150 Extra"]
[Source "ChessBase"]
[SourceDate "2012.10.19"]
[SourceVersion "1"]
[SourceVersionDate "2012.10.19"]
[SourceQuality "1"]
[WhiteTeam "Bangladesh (W)"]
[BlackTeam "United Arab Emirates (W)"]
[WhiteTeamCountry "BAN"]
[BlackTeamCountry "UAE"]

1. d4 d5 2. c4 c6 3. Nf3 Nf6 4. Nc3 a6 5. a4 a5 6. Bf4 Na6 7. e3 Bf5 8. Nh4 Be4 9. f3 Bg6 10. Nxg6 hxg6 11. Qb3 Nb4 12. cxd5 Nfxd5 13. Nxd5 Qxd5 14. Bc4 Qf5 15. 0-0 e6 16. Bc7 Be7 17. e4 Qg5 18. Rad1 0-0 19. f4 Qh4 20. Rf3 g5 21. Be2 gxf4 22. Rh3 Qf6 23. Rh5 Qg6 24. Qh3 f5 25. exf5 Rxf5 26. Rh8+ Kf7 27. Rxa8 Qg5 28. Bg4 Rf6 29. Qh5+ Rg6 30. Qxg5 Rxg5 31. h3 Nd5 32. Bxa5 Ne3 33. Re1 Nxg4 34. hxg4 Rxg4 35. Re4 Rh4 36. Ra7 1-0

[Event "Olympiad Women-40"]
[Site "Istanbul"]
[Date "2012.08.30"]
[Round "3.1"]
[White "Saleh, Nora Mohd"]
[Black "Olatunji, Oluwatobiloba"]
[Result "1-0"]
[WhiteElo "1931"]
[BlackElo "1818"]
[PlyCount "111"]
[EventDate "2012.08.28"]
[EventType "team-swiss"]
[EventRounds "11"]
[EventCountry "TUR"]
[SourceTitle "CBM 150 Extra"]
[Source "ChessBase"]
[SourceDate "2012.10.19"]
[SourceVersion "1"]
[SourceVersionDate "2012.10.19"]
[SourceQuality "1"]
[WhiteTeam "United Arab Emirates (W)"]
[BlackTeam "Nigeria (W)"]
[WhiteTeamCountry "UAE"]
[BlackTeamCountry "NGR"]

1. d4 e6 2. c4 d5 3. Nc3 Nf6 4. Bg5 Be7 5. Nf3 Nbd7 6. e3 c6 7. Rc1 0-0 8. a3 dxc4 9. Bxc4 c5 10. 0-0 b6 11. Qe2 Bb7 12. Rfd1 cxd4 13. exd4 Re8 14. h3 Nd5 15. Bxe7 Rxe7 16. Bxd5 Bxd5 17. Nxd5 exd5 18. Qb5 Nf6 19. Ne5 Rc7 20. Rc6 Rac8 21. Rdc1 h6 22. a4 Rxc6 23. Nxc6 a6 24. Qxa6 Ra8 25. Qb7 Qe8 26. b3 Nd7 27. Ne7+ Kf8 28. Nxd5 Rb8 29. Qc6 Qe6 30. Qc4 Nf6 31. Nxf6 Qxf6 32. Re1 Rd8 33. Qb4+ Kg8 34. Rd1 Re8 35. Qd2 Qd6 36. d5 Rd8 37. Qd4 Rc8 38. b4 Rc2 39. b5 Rc5 40. Qe4 g6 41. g3 Rc3 42. Kg2 h5 43. h4 Rc5 44. Qd3 Kf8 45. Qd4 Kg8 46. Rd2 Rc1 47. Re2 Rc8 48. Re5 Rd8 49. Qe4 Kg7 50. Kf1 Rd7 51. Kg1 Qc5 52. Qf3 Qb4 53. Qd1 Qd6 54. Qa1 Kf8 55. Re2 Kg8 56. Re6 1-0

[Event "Asia zt 3.1 (Women)"]
[Site "Sharjah"]
[Date "2011.07.11"]
[Round "8"]
[White "Saleh, Nora Mohd"]
[Black "Mouradian, Knarik Jacob"]
[Result "1/2-1/2"]
[WhiteElo "1911"]
[BlackElo "2186"]
[PlyCount "83"]
[EventDate "2011.07.05"]
[EventType "swiss"]
[EventRounds "9"]
[EventCountry "UAE"]
[SourceTitle "CBM 143 Extra"]
[Source "ChessBase"]
[SourceDate "2011.08.29"]
[SourceVersion "1"]
[SourceVersionDate "2011.08.29"]
[SourceQuality "1"]

1. d4 Nf6 2. c4 g6 3. Nc3 Bg7 4. Nf3 d6 5. Bf4 Nbd7 6. h3 0-0 7. e3 Re8 8. Be2 c6 9. 0-0 Qa5 10. a3 e5 11. b4 Qc7 12. Bh2 b6 13. Rc1 Bf8 14. c5 Qb8 15. Qc2 Bb7 16. Rfd1 exd4 17. exd4 Qd8 18. cxd6 Rc8 19. Qa2 Nd5 20. b5 N7f6 21. bxc6 Bxc6 22. Ba6 Ra8 23. Ne5 Qxd6 24. Nxf7 Nxc3 25. Rxc3 Qd5 26. Qxd5 Bxd5 27. Ne5 Bd6 28. Nc4 Bxh2+ 29. Kxh2 Ne4 30. Rc2 Rf8 31. f3 Ng5 32. Ne5 Ne6 33. Bc4 Bxc4 34. Rxc4 Rad8 35. Nc6 Rd7 36. Rcc1 Kg7 37. Ne5 Rd5 38. Rc6 Re8 39. Rc4 Re7 40. g3 Nxd4 41. Rcxd4 Rdxe5 42. g4 1/2-1/2

[Event "Dubai op 13th"]
[Site "Dubai"]
[Date "2011.04.16"]
[Round "6"]
[White "Nemcova, Katerina"]
[Black "Saleh, Nora Mohd"]
[Result "1-0"]
[WhiteElo "2315"]
[BlackElo "1884"]
[PlyCount "51"]
[EventDate "2011.04.10"]
[EventType "swiss"]
[EventRounds "9"]
[EventCountry "UAE"]
[SourceTitle "CBM 141 Extra"]
[Source "ChessBase"]
[SourceDate "2011.05.03"]
[SourceVersion "1"]
[SourceVersionDate "2011.05.03"]
[SourceQuality "1"]

1. e4 c5 2. Nf3 a6 3. c3 d5 4. exd5 Qxd5 5. d4 Nf6 6. Be2 e6 7. 0-0 Be7 8. Be3 cxd4 9. cxd4 Nc6 10. Nc3 Qd6 11. Rc1 Nb4 12. Ne5 Nbd5 13. Qa4+ Bd7 14. Nxd7 Nxd7 15. Nxd5 exd5 16. Bg4 Rd8 17. g3 b5 18. Qc2 0-0 19. Rfe1 Bf6 20. Bf4 Qb4 21. Bc7 Qxd4 22. Bxd8 Qxg4 23. Be7 Bxe7 24. Rxe7 Nf6 25. Rc7 Qe4 26. Qc6 1-0

[Event "Asia rap (Women) 16th"]
[Site "Guangzhou"]
[Date "2010.11.15"]
[Round "6"]
[White "Saleh, Nora Mohd"]
[Black "Geldyeva, Mekhri"]
[Result "0-1"]
[WhiteElo "1884"]
[BlackElo "2279"]
[PlyCount "62"]
[EventDate "2010.11.13"]
[EventType "swiss"]
[EventRounds "9"]
[EventCountry "CHN"]
[SourceTitle "EXT 2011"]
[Source "ChessBase"]
[SourceDate "2010.11.26"]
[SourceVersion "1"]
[SourceVersionDate "2010.11.26"]
[SourceQuality "1"]

1. d4 d5 2. c4 dxc4 3. Qa4+ Bd7 4. Qxc4 Bc6 5. Nc3 Nf6 6. Bf4 e6 7. Nf3 a6 8. e3 Bd6 9. Bxd6 cxd6 10. Be2 0-0 11. 0-0 Nbd7 12. Rac1 Rc8 13. Qd3 b5 14. b4 Nb6 15. Rfd1 Qe7 16. Nd2 Rc7 17. Rc2 Rfc8 18. Rdc1 d5 19. a3 Nc4 20. Ncb1 h6 21. Nb3 Nd7 22. Nc5 Nxc5 23. bxc5 e5 24. Qb3 Re8 25. Bd3 Qf6 26. Rd1 exd4 27. exd4 Qxd4 28. Qb4 Qf6 29. Bxc4 dxc4 30. Rcd2 Qg6 31. g3 Qe4 0-1

[Event "Asia rap (Women) 16th"]
[Site "Guangzhou"]
[Date "2010.11.14"]
[Round "3"]
[White "Dauletova, Gulmira"]
[Black "Saleh, Nora Mohd"]
[Result "1-0"]
[WhiteElo "2263"]
[BlackElo "1884"]
[PlyCount "109"]
[EventDate "2010.11.13"]
[EventType "swiss"]
[EventRounds "9"]
[EventCountry "CHN"]
[SourceTitle "EXT 2011"]
[Source "ChessBase"]
[SourceDate "2010.11.26"]
[SourceVersion "1"]
[SourceVersionDate "2010.11.26"]
[SourceQuality "1"]

1. e4 c5 2. Nf3 a6 3. c3 d5 4. e5 Bg4 5. Qa4+ Qd7 6. Qxd7+ Nxd7 7. d4 Bxf3 8. gxf3 e6 9. Be3 Rc8 10. Bd3 Ne7 11. Bf1 Ng8 12. Bd3 Ne7 13. Nd2 Nc6 14. Rc1 f6 15. f4 Kf7 16. h4 Be7 17. Ke2 c4 18. Bb1 b5 19. Nf3 b4 20. Rcg1 Rb8 21. f5 Nf8 22. fxe6+ Nxe6 23. Bf5 bxc3 24. Bxe6+ Kxe6 25. bxc3 Rb2+ 26. Bd2 Rg8 27. exf6 Bxf6 28. Re1 Kd7 29. Kf1 h6 30. Bf4 Rf8 31. Bg3 g6 32. Re2 Rxe2 33. Kxe2 Rb8 34. Bxb8 Nxb8 35. Rg1 g5 36. hxg5 hxg5 37. Nxg5 Nc6 38. f4 Bd8 39. Nf3 Ba5 40. Kd2 Bd8 41. Rg7+ Ke6 42. Ne5 Ne7 43. Rh7 a5 44. a4 Kf5 45. Ke3 Ke6 46. Kf3 Nf5 47. Ra7 Nd6 48. Ra6 Bc7 49. Kg4 Kf6 50. f5 Kg7 51. Ra7 Ne8 52. Kg5 Kg8 53. Kg6 Kf8 54. f6 Bd6 55. Ra8 1-0

[Event "Asia rap (Women) 16th"]
[Site "Guangzhou"]
[Date "2010.11.13"]
[Round "1"]
[White "Sukandar, Irine Kharisma"]
[Black "Saleh, Nora Mohd"]
[Result "1-0"]
[WhiteElo "2382"]
[BlackElo "1884"]
[PlyCount "85"]
[EventDate "2010.11.13"]
[EventType "swiss"]
[EventRounds "9"]
[EventCountry "CHN"]
[SourceTitle "EXT 2011"]
[Source "ChessBase"]
[SourceDate "2010.11.26"]
[SourceVersion "1"]
[SourceVersionDate "2010.11.26"]
[SourceQuality "1"]

1. e4 c5 2. Nf3 a6 3. d4 cxd4 4. Nxd4 Nf6 5. Nc3 e5 6. Nb3 Bb4 7. Bd3 d5 8. exd5 e4 9. Be2 Nxd5 10. Bd2 Nxc3 11. bxc3 Be7 12. 0-0 Nc6 13. Be3 0-0 14. Nd4 Qc7 15. Qd2 Bd6 16. h3 Ne5 17. Rfd1 Rd8 18. Kh1 Nc4 19. Bxc4 Qxc4 20. Bf4 Be7 21. Qe3 f5 22. Qg3 Bf6 23. Bg5 Qf7 24. Bxf6 Qxf6 25. Qc7 Re8 26. Rab1 Re7 27. Qd8+ Qf8 28. Qa5 Qf7 29. c4 Be6 30. Rb6 Rf8 31. c5 g6 32. a3 Bc4 33. c6 bxc6 34. Nxc6 Rd7 35. Rd2 Rxd2 36. Qxd2 Bb5 37. Ne5 Qe7 38. Qd5+ Kg7 39. Rb7 Qxb7 40. Qxb7+ Kg8 41. Qd5+ Kg7 42. Qd6 Rf6 43. Qe7+ 1-0

[Event "Olympiad Women-39"]
[Site "Khanty-Mansiysk"]
[Date "2010.10.01"]
[Round "10.39"]
[White "Saleh, Nora Mohd"]
[Black "Ramirez M, Eugenia"]
[Result "0-1"]
[WhiteElo "1906"]
[BlackElo "2031"]
[PlyCount "72"]
[EventDate "2010.09.21"]
[EventType "team-swiss"]
[EventRounds "11"]
[EventCountry "RUS"]
[SourceTitle "CBM 139"]
[Source "ChessBase"]
[SourceDate "2010.11.18"]
[SourceVersion "1"]
[SourceVersionDate "2010.11.18"]
[SourceQuality "1"]
[WhiteTeam "United Arab Emirates (W)"]
[BlackTeam "Bolivia (W)"]
[WhiteTeamCountry "UAE"]
[BlackTeamCountry "BOL"]

1. d4 Nf6 2. c4 c5 3. d5 e6 4. Nc3 exd5 5. cxd5 d6 6. e4 g6 7. Be2 Bg7 8. Nf3 0-0 9. 0-0 Re8 10. Nd2 Nfd7 11. Nc4 Nb6 12. Nxb6 axb6 13. Bb5 Bd7 14. Bxd7 Qxd7 15. Re1 b5 16. a4 Bxc3 17. bxc3 Rxa4 18. Rxa4 bxa4 19. c4 Na6 20. Bb2 Nb4 21. Bf6 h5 22. Qd2 Kh7 23. f4 b5 24. f5 bxc4 25. g4 Nd3 26. Re3 Qb5 27. gxh5 Qb1+ 28. Kg2 Nf4+ 29. Kf2 Nxh5 30. Bb2 Rxe4 31. Rxe4 Qxe4 32. fxg6+ Kxg6 33. Qd1 Qf5+ 34. Ke1 Nf4 35. Bc1 Nd3+ 36. Kd2 Qf4+ 0-1

[Event "Olympiad Women-39"]
[Site "Khanty-Mansiysk"]
[Date "2010.09.30"]
[Round "9.46"]
[White "Naipal, Victoria"]
[Black "Saleh, Nora Mohd"]
[Result "1/2-1/2"]
[WhiteElo "1845"]
[BlackElo "1906"]
[PlyCount "72"]
[EventDate "2010.09.21"]
[EventType "team-swiss"]
[EventRounds "11"]
[EventCountry "RUS"]
[SourceTitle "CBM 139"]
[Source "ChessBase"]
[SourceDate "2010.11.18"]
[SourceVersion "1"]
[SourceVersionDate "2010.11.18"]
[SourceQuality "1"]
[WhiteTeam "Surinam (W)"]
[BlackTeam "United Arab Emirates (W)"]
[WhiteTeamCountry "SUR"]
[BlackTeamCountry "UAE"]

1. d4 d5 2. c4 e6 3. Nc3 c6 4. e3 Nf6 5. Nf3 Bd6 6. Bd3 Nbd7 7. e4 dxc4 8. Bxc4 e5 9. Bg5 0-0 10. 0-0 Qc7 11. Bxf6 Nxf6 12. dxe5 Bxe5 13. Nxe5 Qxe5 14. Qe2 Ng4 15. g3 Qh5 16. h4 Qc5 17. Rac1 Ne5 18. Nd1 Qe7 19. Ne3 Bh3 20. Rfd1 Rad8 21. Kh2 Bc8 22. f4 Rxd1 23. Rxd1 Nxc4 24. Nxc4 Rd8 25. e5 Rxd1 26. Qxd1 Be6 27. Qd6 Qxd6 28. Nxd6 b6 29. a3 Kf8 30. Kg2 Ke7 31. Kf2 f6 32. Ke3 fxe5 33. fxe5 a6 34. Kd3 Bd7 35. b4 Be6 36. Kd4 Kd7 1/2-1/2

[Event "Olympiad Women-39"]
[Site "Khanty-Mansiysk"]
[Date "2010.09.25"]
[Round "5.43"]
[White "Al Khelaifi, Salama"]
[Black "Saleh, Nora Mohd"]
[Result "1-0"]
[WhiteElo "1736"]
[BlackElo "1906"]
[PlyCount "93"]
[EventDate "2010.09.21"]
[EventType "team-swiss"]
[EventRounds "11"]
[EventCountry "RUS"]
[SourceTitle "CBM 139"]
[Source "ChessBase"]
[SourceDate "2010.11.18"]
[SourceVersion "1"]
[SourceVersionDate "2010.11.18"]
[SourceQuality "1"]
[WhiteTeam "Qatar (W)"]
[BlackTeam "United Arab Emirates (W)"]
[WhiteTeamCountry "QAT"]
[BlackTeamCountry "UAE"]

1. d4 d5 2. Nc3 Nf6 3. Bg5 Bf5 4. Bxf6 exf6 5. e3 c6 6. Bd3 Bxd3 7. Qxd3 Bb4 8. Nge2 Nd7 9. 0-0-0 0-0 10. g4 b5 11. h4 a5 12. g5 g6 13. gxf6 Nxf6 14. Rdg1 Kh8 15. Nf4 Bd6 16. Nce2 Rg8 17. h5 Nxh5 18. Nxh5 b4 19. Nhf4 a4 20. Kb1 Ra7 21. e4 dxe4 22. Qxe4 Qb6 23. d5 Re7 24. Qd3 Qxf2 25. Rf1 Qe3 26. Qxe3 Rxe3 27. Nd4 Re4 28. Nfe2 f5 29. dxc6 Rge8 30. Kc1 Be5 31. c3 Re7 32. Kd2 a3 33. cxb4 Bxd4 34. Nxd4 Rxd4+ 35. Kc3 Rd6 36. b5 axb2 37. Kxb2 Kg8 38. Rd1 Rde6 39. Rc1 Rc7 40. a4 f4 41. a5 Re5 42. b6 Rb5+ 43. Ka3 Rxa5+ 44. Kb4 Ra8 45. bxc7 Rc8 46. Kb5 Rxc7 47. Kb6 1-0